000 00570nam a2200205Ia 4500
005 20250508153140.0
008 008 250505s9999 xx 000 0 eng d
037 _aTextual
040 _aFEDL
_beng
_cFEDL
041 _aeng
_2eng
084 _a155.4, DEN
_qFEDL
100 _aDennis Wayne Ed.
_910610
245 0 _aReadings in child psychology
250 _a2nd
260 _aEnglewood Cliffs, New Jersey, USA
_bPrentice - Hall
_c1963
300 _axi,532p
650 _aChild psychology
942 _cTEXL
_h155.4, DEN
999 _c1340915
_d1340915